| 000 | 00911cab a2200241 4500 | ||
|---|---|---|---|
| 001 | WB3229-08 | ||
| 008 | 090401t1996 xxu||||| |||| 00| 0 eng d | ||
| 035 | _a(Sirsi) u60392 | ||
| 041 | _aeng | ||
| 245 | _aIPD index June 1996 | ||
| 260 | _c1996 | ||
| 350 | _a0 | ||
| 490 |
_aFinancial Times _v26 July 1996, 12(1) |
||
| 520 | _aRise in property investment returns reflects increased capital values across all sectors of the industry. Graph showing returns June 1994-June 1996 for retail, office and industrial property. | ||
| 650 | _aINDUSTRIAL MARKET | ||
| 650 | _aIPD INDEX | ||
| 650 | _aPROPERTY-COMMERCIAL PROPERTY-OFFICE PROPERTY-OFFICE PROPERTY MARKET | ||
| 650 | _aPROPERTY RETURNS | ||
| 650 | _aPROPERTY-COMMERCIAL PROPERTY-RETAIL PROPERTY-RETAIL PROPERTY MARKET | ||
| 690 | _aPROPERTY-COMMERCIAL PROPERTY-COMMERCIAL PROPERTY FINANCE AND INVESTMENT | ||
| 942 | _n0 | ||
| 948 | _c04/03/1997 | ||
| 999 |
_c37233 _d37233 |
||